| 000 | 00630nam a2200205 a 4500 | ||
|---|---|---|---|
| 005 | 20230615063522.0 | ||
| 008 | 991125s1966 ag 000 0 spa u | ||
| 035 | _aUPN01000015770 | ||
| 049 | _aCG | ||
| 050 | 4 |
_aLB1032 _bC5.3 1966 |
|
| 100 | 1 |
_aCirigliano, Gustavo F. J. _938109 |
|
| 245 | 1 | 0 |
_aDinámica de grupos y educación : _bfundamentos y técnicas / _cGustavo F.J. Cirigliano y Aníbal Villaverde. |
| 250 | _a7a ed. | ||
| 260 |
_aBuenos Aires : _bHvmanitas, _c1966. |
||
| 300 | _a245 p. | ||
| 440 | 0 |
_aGuidance ; _v4 |
|
| 650 | 4 |
_aDinámica de grupos _96712 |
|
| 700 | 1 |
_aVillaverde, Aníbal, _ecoaut. |
|
| 905 | _aLibro | ||
| 999 |
_c15770 _d15770 |
||